|
|
|
|
| LEADER |
00000naa2a2200000 4500 |
| 001 |
628968 |
| 005 |
20231101133534.0 |
| 035 |
|
|
|a (RuTPU)RU\TPU\conf\29342
|
| 035 |
|
|
|a RU\TPU\conf\29341
|
| 090 |
|
|
|a 628968
|
| 100 |
|
|
|a 20190118d2018 k y0rusy50 ca
|
| 101 |
0 |
|
|a rus
|
| 102 |
|
|
|a RU
|
| 105 |
|
|
|a y z 101zy
|
| 135 |
|
|
|a drgn ---uucaa
|
| 181 |
|
0 |
|a i
|
| 182 |
|
0 |
|a b
|
| 200 |
1 |
|
|a Моделирование синтеза в низкотемпературной плазме сложных оксидных композиций для перспективных типов ядерного топлива
|f Е. С. Алюков, И. Ю. Новосёлов
|g науч. рук. И. Ю. Новосёлов
|
| 203 |
|
|
|a Текст
|c электронный
|
| 225 |
1 |
|
|a Плазменные техника и технологии в ядерно-топливном цикле
|
| 230 |
|
|
|a 1 компьютерный файл (pdf; 390 Кб)
|
| 300 |
|
|
|a Заглавие с титульного экрана
|
| 320 |
|
|
|a [Библиогр.: с. 55 (1 назв.)]
|
| 463 |
|
0 |
|0 (RuTPU)RU\TPU\conf\29266
|t Изотопы: технологии, материалы и применение
|o материалы V Международной научной конференции молодых ученых, аспирантов и студентов, г. Томск, 19-23 ноября 2018 г.
|f Национальный исследовательский Томский политехнический университет (ТПУ)
|v [С. 55]
|d 2018
|
| 610 |
1 |
|
|a электронный ресурс
|
| 610 |
1 |
|
|a труды учёных ТПУ
|
| 610 |
1 |
|
|a моделирование
|
| 610 |
1 |
|
|a низкотемпературная плазма
|
| 610 |
1 |
|
|a оксидные композиции
|
| 610 |
1 |
|
|a ядерное топливо
|
| 610 |
1 |
|
|a дисперсионное топливо
|
| 610 |
1 |
|
|a плазмохимический синтез
|
| 700 |
|
1 |
|a Алюков
|b Е. С.
|c физик
|c техник Томского политехнического университета
|f 1995-
|g Евгений Сергеевич
|2 stltpush
|3 (RuTPU)RU\TPU\pers\41499
|
| 701 |
|
1 |
|a Новосёлов
|b И. Ю.
|c специалист в области ядерных технологий
|c инженер-исследователь Томского политехнического университета
|f 1989-
|g Иван Юрьевич
|2 stltpush
|3 (RuTPU)RU\TPU\pers\32434
|
| 702 |
|
1 |
|a Новосёлов
|b И. Ю.
|c специалист в области ядерных технологий
|c инженер-исследователь Томского политехнического университета
|f 1989-
|g Иван Юрьевич
|2 stltpush
|4 727
|
| 712 |
0 |
2 |
|a Национальный исследовательский Томский политехнический университет
|b Инженерная школа ядерных технологий
|b Отделение ядерно-топливного цикла
|h 7864
|2 stltpush
|3 (RuTPU)RU\TPU\col\23554
|
| 801 |
|
2 |
|a RU
|b 63413507
|c 20190122
|g RCR
|
| 856 |
4 |
|
|u http://earchive.tpu.ru/handle/11683/52394
|
| 942 |
|
|
|c BK
|